SALESIANUM. LUGLIO SETTEMBRE 1966. ATENEO SALESIANO ROMA. TEOLOGIA FILOSOFIA. (Record no. 328542)
[ view plain ]
| 000 -LEADER | |
|---|---|
| fixed length control field | 01477nas a2200277Ia 4500 |
| 001 - CONTROL NUMBER | |
| control field | R050-R9949 |
| 003 - CONTROL NUMBER IDENTIFIER | |
| control field | IT-CnALBA |
| 008 - FIXED-LENGTH DATA ELEMENTS--GENERAL INFORMATION | |
| fixed length control field | 170116c99999999xx |||||||||||| ||und|| |
| 040 ## - CATALOGING SOURCE | |
| Original cataloging agency | IT-CnALBA |
| Transcribing agency | IT-CnALBA |
| 041 ## - LANGUAGE CODE | |
| Language code of text/sound track or separate title | POLIGLOTTA |
| 999 ## - SYSTEM CONTROL NUMBERS (KOHA) | |
| Koha Dewey Subclass [OBSOLETE] | NO |
| 100 ## - MAIN ENTRY--PERSONAL NAME | |
| Personal name | BERTETTO D. DOMENICO, SDB. |
| 210 ## - ABBREVIATED TITLE | |
| Abbreviated title | SALESIANUM |
| 222 ## - KEY TITLE | |
| Key title | SALESIANUM |
| 245 #0 - TITLE STATEMENT | |
| Title | SALESIANUM. LUGLIO SETTEMBRE 1966. ATENEO SALESIANO ROMA. TEOLOGIA FILOSOFIA. |
| 250 ## - EDITION STATEMENT | |
| Edition statement | 1a ed. |
| 260 ## - PUBLICATION, DISTRIBUTION, ETC. (IMPRINT) | |
| Place of publication, distribution, etc. | TO BO CT PA |
| Name of publisher, distributor, etc. | SOCIETÀ ED. INTER. |
| Date of publication, distribution, etc. | 1966 [1° Ed.:1966 - Ed.Ling.Originale: 1966] |
| 300 ## - PHYSICAL DESCRIPTION | |
| Extent | 144 p. |
| 310 ## - CURRENT PUBLICATION FREQUENCY | |
| Current publication frequency | TRIMESTRALE |
| 362 ## - DATES OF PUBLICATION AND/OR SEQUENTIAL DESIGNATION | |
| Dates of publication and/or sequential designation | Fascicolo: 3 / Anno: 28 (1966) |
| 500 ## - GENERAL NOTE | |
| General note | IL MAGISTERO MARIANO DI PAOLO VI NEI PRIMI TRE ANNI DI PONTIFICATO. PIETRO BOHIER VESCOVO, RIFORMATORE ALL'INIZIO DEL SCISMO D'OCCIDENTE. BOSIA G. LA DOTTRINA SPIRITUALE DI S. IGNAZIO D'ANTIOCHIA. STELLA P. STORIA E PREISTORIA DELLE MASSIME ETERNE DI S. ALFONSO. RECENSIONI DI TEOLOGIA E FILOSOFIA. BIBLIOGRAFIA. |
| 501 ## - WITH NOTE | |
| With note | Società San Paolo EM - Piazza San Paolo, 14 - 12051 ALBA (CN) (non commercial uses only) ® Copyright 2017 |
| 520 ## - SUMMARY, ETC. | |
| Summary, etc. | IL MAGISTERO MARIANO DI PAOLO VI NEI PRIMI TRE ANNI DI PONTIFICATO. PIETRO BOHIER VESCOVO, RIFORMATORE ALL'INIZIO DEL SCISMO D'OCCIDENTE. BOSIA G. LA DOTTRINA SPIRITUALE DI S. IGNAZIO D'ANTIOCHIA. STELLA P. STORIA E PREISTORIA DELLE MASSIME ETERNE DI S. ALFONSO. RECENSIONI DI TEOLOGIA E FILOSOFIA. BIBLIOGRAFIA. |
| 650 ## - SUBJECT ADDED ENTRY--TOPICAL TERM | |
| Topical term or geographic name as entry element | TEOLOGIA |
| 942 ## - ADDED ENTRY ELEMENTS (KOHA) | |
| Koha item type | RIVISTA |
| 957 ## - | |
| -- | 1 |
| 999 ## - SYSTEM CONTROL NUMBERS (KOHA) | |
| -- | 1 |
| Withdrawn status | Lost status | Damaged status | Not for loan | Home library | Current library | Date acquired | Total Checkouts | Full call number | Date last seen | Price effective from | Koha item type | Public note |
|---|---|---|---|---|---|---|---|---|---|---|---|---|
| Buone Condizioni | Not For Loan | ALBA - Biblioteca | ALBA - Biblioteca | 16/01/2017 | R050-R9949 | 16/01/2017 | 16/01/2017 | RIVISTA | (data import: 16 gennaio 2017) - By Epidotti, Vaglietti. |